00465nam a2200121Ia 4500008004100000245009600041245001700137260000900154650003800163856005000201999001900251952007300270171204s9999 xx 000 0 und d aTaste of Persia: A Cook's Travels Through Armenia, Azerbaijan, Georgia, Iran, and Kurdistan cNaomi Duguid c2016 xCulinary Arts & Sciences with Lab uhttp://down.ebook777.com/030/1579655483TP.pdf c346760d346760 001040aCLbCLd2017-12-04l0r2017-12-04 00:00:00w2017-12-04yCBE